00346nam a2200133Ia 45000030006000000080041000060400015000471000023000622450060000852600032001453000006001775460012001830050017001950STCL150530s9999 xx 000 0 und d aSTCLcSTCL aPrema Parvtharajan aIndian Journal of Chemistry section A Vol 46 B Nov 2007 bNISCAIR; Delhic2007aDelhi a0 aEnglish20220125165844.0